Online
Catalog

Parte de mi vida / (Record no. 3934)

MARC details
000 -CABECERA
campo de control de longitud fija 01247nam a2200181 a 4500
001 - NÚMERO DE CONTROL
campo de control 000004116
005 - FECHA Y HORA DE LA ÚLTIMA TRANSACCIÓN
campo de control 20200929150719.0
008 - DATOS DE LONGITUD FIJA--INFORMACIÓN GENERAL
campo de control de longitud fija 090717s2008 dr r 000 0 spa d
040 ## - FUENTE DE LA CATALOGACIÓN
Centro catalogador/agencia de origen DO-SdBNP
Lengua de catalogación spa
Centro/agencia transcriptor BNPHU
082 ## - NÚMERO DE LA CLASIFICACIÓN DECIMAL DEWEY
Número de clasificación xxxxx
Número de documento/Ítem B483p
100 1# - ENTRADA PRINCIPAL--NOMBRE DE PERSONA
Nombre de persona Beras Goico, Freddy,
Fechas asociadas al nombre 1940-2010
9 (RLIN) 12228
245 10 - MENCIÓN DE TÍTULO
Título Parte de mi vida /
Mención de responsabilidad, etc. Freddy Beras Goico.
250 ## - MENCIÓN DE EDICIÓN
Mención de edición 2a ed.
260 ## - PUBLICACIÓN, DISTRIBUCIÓN, ETC.
Lugar de publicación, distribución, etc. Santo Domingo :
Nombre del editor, distribuidor, etc. Asociación Dominicana de Industrias Gráficas y Afines,
Fecha de publicación, distribución, etc. 2008.
300 ## - DESCRIPCIÓN FÍSICA
Extensión v. ;
Dimensiones 22 cm.
505 0# - NOTA DE CONTENIDO CON FORMATO
Nota de contenido con formato Prólogo -- Parte de mi vida -- Mudanzas -- Por Trujillo -- Educación -- Actividades subversivas -- Rana bola -- Exilio -- Retorno -- La revolución de 1965 -- Salida de la cárcel y viaje a España -- Mi proceso de cáncer, vivencias -- Carnaval -- Cosas de Babín -- De Giancarlos y Laura Marie -- De la revolución --El caballo de Troya -- El edificio baquero -- Dos tía famosas -- Station de Luis Newman -- Retretas -- Mi mamá -- Má de mi mamá -- Mi casa -- Mi primer control remoto -- Otro de mi papá -- Piloña -- Mi tío Picho -- Monseñor Beras -- í Por desobediente í -- Sigo con España -- Teatro Max -- Yaqui y Cuquín -- í Un día de reye sí -- Un señor Lambón -- La suelte de mi mujer
590 ## - NOTA LOCAL (RLIN)
Nota local Inventariado, 2019/BT
Holdings
Estado de retiro Estado de pérdida Restricciones de uso No para préstamo Código de colección Localización permanente Ubicación/localización actual Ubicación en estantería Fecha de adquisición Número de inventario Total de préstamos Signatura topográfica completa Código de barras Fecha visto por última vez Precio válido a partir de Tipo de ítem Koha Nota pública
        Patrimonio Dominicano General General Depósito 21.02.2011 LF1   v.1, e.3 4116-30 25.06.2020 25.06.2020 Libro y Folleto Colección Patrimonio Dominicano  
        Patrimonio Dominicano General General Depósito 30.07.2019 LF1   v.1, e.4 4116-40 25.06.2020 25.06.2020 Libro y Folleto Colección Patrimonio Dominicano Perteneció a la biblioteca personal de Pedro Luis Bisonó.
      Excluido de préstamo Patrimonio Dominicano Patrimonio Dominicano Patrimonio Dominicano Depósito 17.07.2009 LF1   v.1 4116-10 25.06.2020 25.06.2020 Libro y Folleto Colección Patrimonio Dominicano  
      Excluido de préstamo Patrimonio Dominicano Patrimonio Dominicano Patrimonio Dominicano Depósito 21.02.2011 LF1   v.1, e.2 4116-20 25.06.2020 25.06.2020 Libro y Folleto Colección Patrimonio Dominicano  

Powered by Koha